000 00242nam a2200097Ia 4500
001 722945
005 20250826163321.0
008 250824s9999 xx 000 0 und d
245 0 _aDÜĞÜN GÜNLÜKLERİ
_cSAM BINNIE
260 _bPANAMA YAYINLARI
999 _c722945
_d722945